[Event "EU-Cup 13th final"]
[Site "Kazan"]
[Date "1997.12.30"]
[Round "3"]
[White "Hasangatin, Ramil"]
[Black "Ibragimov, Ildar"]
[Result "1/2-1/2"]
[WhiteElo "2470"]
[BlackElo "2585"]
[Annotator "Mikhalevski,V"]
[PlyCount "47"]
[EventDate "1997.12.28"]
[EventType "team-k.o."]
[EventRounds "4"]
[EventCountry "RUS"]
[SourceTitle "EXT 2020"]
[Source "ChessBase"]
[SourceDate "2019.10.17"]
[SourceVersion "1"]
[SourceVersionDate "2019.10.17"]
[SourceQuality "1"]
[WhiteTeam "Kazan Sberbank-Tatarstan II"]
[BlackTeam "Kazan Sberbank-Tatarstan"]
[WhiteTeamCountry "RUS"]
[BlackTeamCountry "RUS"]

1. e4 e5 2. Nf3 Nc6 3. d4 exd4 4. Nxd4 Bc5 5. Be3 Qf6 6. c3 Qg6 (6... Nge7) 7.
Nd2 Nf6 (7... Nxd4 8. cxd4 Bb4 9. f3 Ne7 10. Qc2 c6 11. g3 d5 12. Bd3 dxe4 13.
fxe4 Bg4 14. O-O Bxd2 15. Bxd2 Qd6 16. Bc3 h5 17. Qf2 f5 18. exf5 Bh3 19. Rfe1
O-O-O 20. Re6 Qc7 21. Rae1 Nd5 22. Bd2 Qf7 23. Bg5 Rde8 24. Qe2 Nc7 25. Re5
Rxe5 26. dxe5 Bxf5 27. Qf2 Bg6 28. Bxg6 Qxg6 29. Bf4 Rf8 30. Kh1 b6 31. Qf3 Kb7
32. Rd1 {Judd,M-Bird,H/USA-04.Congress 1876/0-1 (42)}) (7... Nge7 8. Nc2 (8. h4
Bxd4 9. cxd4 d5 10. h5 Qf6 11. h6 g6 12. Rh4 O-O 13. g3 dxe4 14. Bc4 Nf5 {
1/2-1/2 Pavasovic,D-Skembris,S/Asti op 1996}) (8. g3 Nxd4 9. cxd4 Bb6 10. Bg2
d5 11. exd5 O-O 12. Nc4 Qf5 13. d6 cxd6 14. Nxd6 Ba5+ 15. Kf1 Qg6 16. Nxc8
Raxc8 17. Bxb7 Rb8 18. Qf3 Qb6 19. Be4 Qa6+ 20. Kg2 Rxb2 21. Rhd1 Ng6 22. h4
Qe2 23. Qxe2 Rxe2 24. h5 Ne7 25. d5 Nc8 26. d6 Rd8 27. d7 Nb6 28. Bf5 Bc3 29.
Rac1 Bf6 30. Rc8 g6 31. Bg4 Rxa2 32. Bd4 Be7 33. Rxd8+ Bxd8 34. Re1 {1-0
Chytilek, R-Lehmann,Z/EU-chJM U20 1996}) (8. f3 d5 9. g3 O-O 10. Bg2 dxe4 11.
Nxe4 Nxd4 12. Bxd4 Bxd4 13. Qxd4 Nc6 14. Qc5 f5 15. Nd2 Re8+ 16. Kf2 Ne5 17.
Qd5+ Nf7 18. Rhe1 Qb6+ 19. Kf1 Be6 20. Qd4 Qxb2 21. f4 Rad8 22. Bd5 Bxd5 23.
Rxe8+ Rxe8 24. Re1 Be4 25. Nxe4 fxe4 26. Re2 Qb1+ 27. Kg2 Nd6 28. Qxa7 Qd3 29.
Kf1 Qf3+ 30. Rf2 Qh1+ 31. Ke2 e3 32. Rf1 Qg2+ 33. Rf2 Qxf2+ 34. Kd3 Qd2# {
0-1 Harej, B-Krstic,U/Nova Gorica op 1997}) 8... Bb6 9. g3 d6 10. Bg2 O-O 11.
O-O f5 12. Bxb6 axb6 13. exf5 Nxf5 14. Nf3 Be6 15. b3 Qf6 16. Re1 Bd7 17. Qd2
h6 18. h3 Ra5 19. Red1 Nfe7 20. Ncd4 Nxd4 21. Nxd4 Nc6 22. Nc2 Ne7 23. Nb4 Rf5
24. Rf1 Rh5 25. Qe2 Qf7 26. Rae1 Re8 27. h4 Nc6 28. Qc4 Qxc4 29. bxc4 Rc5 30.
Bd5+ Kf8 31. Rxe8+ Bxe8 32. Re1 {Kugelmann,W-Milovanovic,R/Cattolica op 1989/
0-1 (44)}) 8. f4 $146 (8. Qc2 O-O 9. O-O-O Ng4 10. Qd3 Re8 11. Re1 Nce5 12. Qe2
d5 13. f3 dxe4 14. Nxe4 Nxe3 15. Qxe3 Bf5 16. Kb1 Rad8 17. Ka1 Nc6 18. Bc4 Nxd4
19. cxd4 Bxd4 20. Qf4 Be5 21. Qe3 Qxg2 22. Nf2 Bxb2+ {0-1 Hrolfsson,
H-Thorhallsson,G/ Peer Gynt 1992}) (8. Qf3 Ne5 (8... Bb6 9. Qf5 Nxd4 10. cxd4
Qxf5 11. exf5 d5 12. Bd3 O-O 13. O-O-O Re8 14. Rhe1 Bd7 15. f3 h6 16. g4 {
1/2-1/2 Ciganikova, A-Churova,I/Horni Becva op 1993}) (8... Bxd4 9. Bxd4 Nxd4
10. cxd4 O-O 11. Bd3 Qh6 12. Nb3 c6 13. O-O d5 14. exd5 Nxd5 15. Be4 Nf6 16. h3
Qg5 17. Bd3 Be6 18. Nc5 Bd5 19. Qg3 Qxg3 20. fxg3 b6 21. Na6 Rad8 22. Rfd1 Rd6
23. Rd2 Rfd8 24. b3 Be4 25. Rad1 Rxd4 26. Bxe4 Rxd2 27. Rxd2 Rxd2 28. Bxc6 Rxa2
29. Bb5 Nd5 30. g4 Ne3 31. g3 Rg2+ 32. Kh1 Rxg3 33. Kh2 {Naxakis,T-Fanouraki,N/
7th Open 1997/0-1 (44)}) 9. Qf5 d6 10. Qxg6 hxg6 11. f3 (11. Bf4 Bd7 12. Be2
O-O-O 13. O-O Rde8 14. Bxe5 Rxe5 15. Bf3 g5 16. h3 g4 17. hxg4 Bxg4 18. g3 Bxf3
19. N4xf3 Reh5 20. Kg2 Ng4 21. Nb3 Bxf2 22. Rxf2 Ne3+ {0-1 Pokorna,R-Churova,I/
SVK-chT9596 1996}) 11... Bd7 12. b4 Bb6 13. Nc4 Nxc4 14. Bxc4 a5 15. b5 a4 16.
Kf2 Rh5 17. Rab1 Kf8 18. h3 Rc5 19. Rb4 d5 20. exd5 Nxd5 21. Bxd5 Rxd5 22. Rd1
Bc5 23. Rb2 Bxd4 24. Rxd4 Rxb5 25. Rxb5 Bxb5 26. c4 Be8 27. Bf4 Rc8 28. c5 Bb5
29. a3 Ke7 30. h4 Rd8 31. Rxd8 Kxd8 32. Be5 Kd7 33. Ke3 Kc6 34. Kd4 f6 35. Bf4
Bf1 36. g3 Be2 37. Ke4 Bd1 38. Be3 Bb3 39. f4 Bd1 40. Kd4 Bf3 41. Kc4 Kd7 42.
Kd4 Ke6 43. Bd2 Kf5 44. Ke3 Kg4 45. Kf2 b6 46. cxb6 cxb6 47. Bb4 b5 48. Bf8 Bc6
49. Bb4 {1/2-1/2 Ciganikova,A-Talla,V/Horni Becva op 1993}) (8. Nf5 Bxe3 9.
Nxe3 O-O 10. Bd3 d6 (10... d5 11. exd5 Qxd3 12. dxc6 Re8 (12... b6 13. Qf3 Be6
14. c4 b5 15. O-O-O Qg6 16. h4 h5 17. Qf4 Rab8 18. Qg5 bxc4 19. Qxg6 fxg6 20.
Ndxc4 Ne4 21. Rd4 Nxf2 22. Re1 Rf6 23. Ne5 Bxa2 24. Re2 Re8 25. Nf3 Rxc6+ 26.
Rc2 Rxc2+ 27. Nxc2 Be6 28. Ra4 Nd3+ 29. Kd2 {1/2-1/2 Degraeve,J-Mitkov,N/
EU-chTM 1997}) 13. Nb3 Qb5 14. Qc2 Qxc6 15. O-O b6 16. Nd4 Qc5 17. Rfe1 Bb7 18.
f3 g6 19. Qf2 Qg5 20. Qg3 Qxg3 21. hxg3 h5 22. Kf2 a6 23. a4 Nd7 24. Red1 Re7
25. a5 Rae8 26. Ndc2 b5 27. b4 c5 28. Rd6 c4 29. Ne1 Rxe3 30. Rxd7 Bc8 31. Rd2
Rxc3 32. Rad1 Rb3 33. Rd8 Kf8 34. Nc2 Rb2 35. R1d2 c3 36. Rxe8+ Kxe8 37. Re2+
Kf8 38. Ke3 Bf5 39. Nd4 Rxb4 40. Nxf5 gxf5 41. Kd3 Rb2 42. Re5 {0-1 Pavasovic,
D-Ibragimov,I/Ljubljana op 1996}) 11. Qe2 Qg5 12. h4 Qc5 13. g4 d5 14. g5 Nxe4
15. Nxe4 dxe4 16. Bxe4 Be6 17. Qc2 f5 18. gxf6 Rxf6 19. O-O-O Raf8 20. Bd5 Bxd5
21. Rxd5 Qe7 22. Rh5 Rg6 23. Rxh7 Ne5 24. Rh5 Rxf2 25. Qe4 Qd7 26. Rd1 Rg1 27.
Qh7+ Kf7 28. Rf5+ Qxf5 29. Qxf5+ Rxf5 30. Rxg1 Rf2 31. Rd1 Ke6 32. Nc2 c5 33.
Re1 Kf6 34. Rd1 Rh2 35. Ne3 Rxh4 36. Rd6+ Kg5 37. b3 Rh3 38. Nd5 Kf5 39. Kb2
$138 {1-0 Mukhametov, E-Najer,E/St.Petersburg op 1994}) (8. Nb5 Bxe3 9. fxe3
Kd8 10. Qf3 d6 11. h3 Bd7 12. Nd4 Ne5 13. Qf4 Nh5 14. Qh4+ Kc8 15. O-O-O Ng3
16. Rg1 Re8 17. N4f3 Nxf1 18. Rdxf1 Nd3+ 19. Kc2 Nc5 20. Kc1 Nxe4 21. Qf4 Nc5
22. Ne1 f6 23. g4 h6 24. h4 a5 25. g5 hxg5 26. hxg5 Ne6 27. Qe4 Qxe4 28. Nxe4
d5 29. Nxf6 gxf6 30. gxf6 Bb5 31. f7 Rf8 32. Rf5 c6 33. Nf3 Nc5 34. Ne5 Nd3+
35. Nxd3 Bxd3 36. Rfg5 Kd7 37. Rg8 Ke7 38. R1g7 Bf5 {0-1 Korou,L-Makropoulou,M/
GRE-chW 1996}) (8. f3 Bb6 (8... d5 9. Bb5 Bxd4 10. Bxd4 dxe4 11. O-O Bd7 12.
Bxf6 Qxf6 13. Nxe4 Qf5 14. Bd3 Qf4 15. Qc1 Qxc1 16. Raxc1 Ne5 17. Bc2 O-O-O 18.
Rfe1 f6 19. Nc5 Bc6 20. Rcd1 g6 21. Be4 Bxe4 22. Nxe4 Nd3 23. Re2 Rhe8 24. b3
Nf4 25. Rxd8+ Rxd8 26. Rd2 Rxd2 27. Nxd2 Ne2+ 28. Kf2 Nxc3 29. a3 Kd7 30. Ke3
Ke6 31. Kd3 Nb5 32. Ne4 b6 33. a4 {Berg,E-Hector,J/Reykjavik op 1996/0-1 (67)})
9. Nc4 Bxd4 10. cxd4 d6 11. Qd2 Nd7 12. Bd3 Nb6 13. Nxb6 axb6 14. O-O O-O 15.
a3 Na5 16. Qc2 c5 17. b4 Nc6 18. bxc5 bxc5 19. dxc5 Ne5 20. cxd6 Qxd6 21. Be2
Qg6 22. Kh1 Bd7 23. Qb2 Qd6 24. Rfd1 Qc7 25. Bb6 Qb8 26. f4 {1-0 Berg,
E-Jensson,E/Reykjavik op 1996}) (8. Be2 Nxe4 9. Bh5 Qxg2 10. Bf3 Nxf2 11. Bxf2
Qg6 12. Qe2+ Ne7 13. Rg1 Qh6 14. Nf5 Bxf2+ 15. Kxf2 Qb6+ 16. Kf1 {1-0
Muzikantova,V-Tallova,I/Frydek-Mistek opW 1997}) 8... Bxd4 (8... Ng4 9. Bg1
Nxd4 10. cxd4 Bb4 11. Qc2 O-O $132 (11... Bxd2+ $6 12. Kxd2 Nf6 13. Re1 (13. e5
Ne4+ $1 14. Kc1 d5 $1) 13... O-O 14. e5 Qxc2+ 15. Kxc2 Nd5 16. f5) 12. Bd3 Nf6
13. Kf1 Qh6 $13 (13... Bxd2 14. e5)) (8... Nxe4 $2 9. f5) 9. f5 Qg4 10. Bxd4 (
10. cxd4 $2 d5 11. e5 Qxd1+ 12. Rxd1 Ng4) 10... Nxd4 11. cxd4 d5 (11... Qxd1+
12. Rxd1 d5 13. e5 Ng4 (13... Ne4 14. g4 h5 15. Nxe4 dxe4 16. Bg2 hxg4 17. Bxe4
$14 Rh5 18. O-O $1) 14. Rc1 c6 15. h3 Ne3 16. g4 h5 17. Kf2 Nxf1 18. Rcxf1 $13)
12. Qxg4 (12. e5 Qxd1+ {see11...Qd1}) 12... Nxg4 13. Be2 Nh6 14. f6 $14 (14. g4
dxe4 15. Nxe4 (15. Rc1 Kd8)) 14... O-O (14... gxf6 $5) 15. exd5 Re8 16. Kf2
gxf6 17. Rhe1 Nf5 18. Bf3 Rd8 19. Rac1 c6 $8 20. dxc6 bxc6 21. Bxc6 (21. Nb3)
21... Rb8 22. b3 (22. Nb3 $142 Be6 23. d5 Bxd5 24. Bxd5 Rxd5 25. Rc7 a5 26. Re4
$14) 22... Nxd4 23. Nf3 Be6 24. Nxd4 1/2-1/2

[Event "Ubeda op 5th"]
[Site "Ubeda"]
[Date "2000.01.23"]
[Round "5"]
[White "Motylev, Alexander"]
[Black "Grischuk, Alexander"]
[Result "0-1"]
[WhiteElo "2552"]
[BlackElo "2549"]
[Annotator "Mikhalevski,V"]
[PlyCount "84"]
[EventDate "2000.01.19"]
[EventType "swiss"]
[EventRounds "10"]
[EventCountry "ESP"]
[SourceTitle "CBM 075"]
[Source "ChessBase"]
[SourceDate "2000.04.05"]
[SourceVersion "1"]
[SourceVersionDate "2000.04.05"]
[SourceQuality "1"]

1. e4 e5 2. Nf3 Nc6 3. d4 exd4 4. Nxd4 Bc5 5. Be3 Qf6 6. c3 Nge7 7. Bc4 b6 {
An uncommon move.Much more popular are 7...Ne5 and 7...0-0} 8. O-O Bb7 9. f4 {
White also tried other continuations:} (9. b4 $5 Nxd4 10. cxd4 Bxb4 11. a3 Ba5
12. d5 $1 O-O 13. Ra2 $1 (13. f4 $6 b5 14. e5 Qh6 15. Bb3 Nf5 16. Bf2 Qxf4 17.
Qd3 Qxe5 18. Ra2 Nd6 19. Re2 Qg5 {0-1 Shirov,A-Agdestein,S/Hastings 1991/CBM
27 (19)}) 13... Rae8 14. Re2 Ng6 15. Bd4 Qh4 16. g3 Qh5 17. f4 d6 $14 {
Djurhuus,R-Hector,J, Gausdal 1992.}) (9. Nb3 $5 Ne5 10. Nxc5 bxc5 11. Bd5 Nxd5
12. exd5 Qd6 (12... O-O $5) 13. Bf4 O-O 14. c4 c6 15. Nc3 cxd5 16. Re1 Rfe8 17.
cxd5 Qf6 18. Bg3 $14 {1-0 Baklan,V-Macieja,B/Zagan 1997/CBM 59 ext (39)}) (9.
Re1 O-O 10. Nb5 Bxe3 11. Rxe3 Ne5 12. Bf1 $14 {1/2-1/2 Sorin,B-Marx,L/FRA 1998/
EXT 2000 (48)}) 9... O-O-O 10. b4 {Despite mixing of two ideas Motylev could
get a better play(See 13.Bd5!).In the previous games White used to play
differently:} (10. e5 Qh6 11. Qd2 f6 12. Na3 Nxd4 13. cxd4 Bxa3 14. bxa3 Nf5
15. Rac1 fxe5 16. dxe5 Kb8 17. Bd3 Qe6 18. Rfe1 Rc8 19. a4 {1/2-1/2 Chandler,
M-Speelman,J/Hastings 1991/CBM 27/[Schussler] (19)}) (10. Rf3 g6 11. a3 Qg7 12.
Ba2 Rhe8 13. b4 Bxd4 14. cxd4 f5 15. e5 d6 16. e6 d5 $15 {[%csl Re6] 1/2-1/2
Shirov,A-Nunn,J/Germany 1993/GER-chT (23)}) (10. Qd2 d5 11. e5 Qh4 12. Bd3 Kb8
13. b4 Bxd4 14. cxd4 g6 15. Na3 Nf5 16. Nc2 Qe7 17. Rab1 $16 {1-0 Pedersen,
D-Christensen,J/Aarhus 1993/EXT 99 (40)}) (10. Qd3 d5 11. e5 Qh4 12. Ba6 g5 13.
Bxb7+ Kxb7 14. Nxc6 Bxe3+ 15. Qxe3 Nxc6 16. fxg5 Rde8 17. Rf5 Qg4 $15 {0-1
Hidegh,E-Remete,E/Paks 1998/EXT 2000 (33)}) 10... Nxd4 ({In the only preceding
game Black played} 10... Bxd4 11. cxd4 Nxb4 {which led to an unclear position
after} 12. d5 Nbxd5 (12... Qxa1 $2 13. Bd4 {[%csl Ra1]}) 13. exd5 Nf5 14. Bf2
Qxa1 15. g4 Qf6 16. gxf5 Qxf5 $13 {1/2-1/2 Gushpit,I-Bezman,V/Yalta 1996/EXT
98 (21)}) 11. bxc5 $1 ({Standard for 9.b4 idea} 11. cxd4 Bxb4 12. a3 {doesn't
work properly as Black can come with 12...d5!?} (12. d5 $4 Qxa1 13. Bd4 Qxd4+
14. Qxd4 Bc5 $19 {[%cal Rc5g1]}) 12... d5 $5 (12... Ba5 13. d5 $13) 13. axb4 (
13. e5 Qh6 14. Bd3 (14. axb4 dxc4 {[%csl Gb7,Rd5,Rf5]}) 14... Ba5) (13. exd5 $2
Ba5 {[%csl Rd5,Re4,Rf5]}) 13... dxc4 14. Rxa7 Kb8 $1 {[%csl Re4][%cal Gb7e4]})
11... Ne6 12. cxb6 (12. Qa4 Kb8 (12... d5 $6 {is dangerous in view of} 13. cxd6
Rxd6 14. Ba6 $1 {[%cal Ge4e5]} (14. e5 $6 Qg6 {[%csl Gb7,Rg2]}) 14... Qh6 15.
Na3 $36)) 12... axb6 {[%cal Gb7e4,Gd7d5]} 13. Bd3 ({In case of} 13. f5 {
Black has at his disposal unexpected tactical blow} d5 $1 {[%mdl 64]} (13...
Nc5 14. Bxc5 bxc5 15. Qe2 d5 $13) ({Passive} 13... Nf8 $2 {[%cal Gd7d5] is
strongly met by} 14. Bd4 Qh4 {[%cal Gd7d5]} 15. Bxf7 $1 Qxe4 16. Qd2 {[%csl
Rg7]} Qg4 17. f6 $1) (13... Ng5 $5 14. e5 Qc6 {[%csl Rg2]} 15. Qe2 (15. Qg4 h6
$1 (15... Nh3+ 16. Kh1 (16. gxh3 Qh1+ 17. Kf2 Qxh2+ 18. Ke1 Qb2 {[%csl Ra1,Re1]
}) 16... h5 17. Qe2 f6 18. Rf3 $140 Ng5 $13)) 15... f6 $13) 14. fxe6 (14. exd5
$6 Nxd5 15. Bxd5 (15. fxe6 $2 Nxe3 16. Qd7+ Rxd7 17. exd7+ Kxd7 18. Rxf6 gxf6
$19) 15... Rxd5 $15) 14... dxc4 15. Qxd8+ (15. Qd7+ Rxd7 16. exd7+ Kxd7 17.
Rxf6 gxf6 18. Nd2 Ra8 $17) 15... Rxd8 16. Rxf6 gxf6 17. exf7 Rd1+ $1 18. Kf2
Ng6 {[%cal Gb7e4,Rd1a1]}) (13. Bd5 $1 {was the best option} Nxd5 (13... Bxd5 $2
14. exd5 Nf5 $140 $2 15. dxe6 Nxe3 16. Qf3 $1 {[%csl Re3][%cal Gf3a8]}) 14.
exd5 Nf8 (14... Nc5 15. Bxc5 bxc5 16. Qb3 $1 $36 {[%csl Rc8][%cal Gb1d2]}) 15.
a4 Re8 16. Qd2 $40) 13... d5 $1 {Black is breaking through in the centre.} 14.
e5 Qh6 15. Na3 (15. Qd2 d4 16. cxd4 Nxd4 17. Rc1 Qh5 $1 18. Na3 (18. Qc3 Ne6 $1
{[%cal Ge7d5]} 19. Qc2 Qg4 $1 $36 {[%cal Ge7d5]}) 18... Nf3+ $1 19. gxf3 Qxf3
20. Nb5 Qh1+ 21. Kf2 Qxh2+ 22. Ke1 Qh1+ $11) 15... d4 16. cxd4 Nd5 (16... Nxd4
$6 17. Rc1 $40 {[%csl Rc8]}) 17. Qd2 $2 {Allows to the young Ukrainian star to
seize an initiative.} ({After correct} 17. Bd2 $1 {White is slightly better:}
Nxd4 (17... Ndxf4 $2 18. Bxf4 (18. Rxf4 $2 Nxf4 19. Qg4+ Kb8 {[%cal Gf4h3]} 20.
Bxf4 Rxd4 21. Bxh6 (21. Rf1 g5 $1 {[%csl Rd3]}) 21... Rxg4 22. Be3 Rxg2+ 23.
Kf1 Rxh2 $19) 18... Nxf4 19. Qg4+ Ne6 20. Nc2 $1 $16) 18. Rc1 $14) 17... Nxe3
18. Qxe3 Rxd4 19. Bf5 Kb8 $1 {[%csl Rf4] This is better than 19...Rd8 as Black
doesn't leave time for breathing-space.} (19... Rhd8 {leads almost by force to
a draw.} 20. Nb5 Rd2 21. Be4 $1 (21. Rf2 $2 {Suddenly loses to} Rd1+ 22. Rf1 (
22. Rxd1 Rxd1+ 23. Rf1 Rxf1+ 24. Kxf1 Qxh2 $19) 22... R8d2 $1 {[%mdl 64]} 23.
Bxe6+ (23. Be4 Rxa1 24. Bxb7+ Kxb7 25. Qxd2 Rxf1+ 26. Kxf1 Qxh2 $1 $19 (26...
Qxf4+ $5 $19)) 23... fxe6 24. Rfxd1 Rxg2+ 25. Kf1 Qxh2 $19) 21... R8d3 22.
Bxb7+ Kxb7 23. Qe4+ Kb8 {[%cal Gh6g6]} 24. Qa4 Rxg2+ $5 25. Kxg2 Qh3+ (25...
Rd2+ $5 26. Rf2 Nxf4+ 27. Kf1 Rxf2+ (27... Qh3+ $2 28. Kg1 Qg4+ 29. Kh1 $18 {
[%cal Ra4a7]}) 28. Kxf2 Qxh2+ 29. Kf3 Qe2+ 30. Kxf4 Qf2+ $1 31. Kg4 (31. Ke4 $4
Qh4+ $19) 31... Qg2+ 32. Kh4 Qh2+ $11) 26. Kg1 (26. Kh1 $2 Rd2 27. Qa7+ Kc8 28.
Qa8+ (28. Nd6+ Kd7 $1 29. Qa4+ c6 30. Qa7+ Nc7 $19) 28... Kd7 29. Rf2 Rxf2 30.
Rd1+ Ke7 31. Qa3+ Qxa3 32. Nxa3 Rxa2 $19) 26... Rg3+ $1 27. hxg3 Qxg3+ $11) 20.
Nb5 (20. Bxe6 Re4 21. Qc3 Qxe6 22. Rac1 Rc8 $15) 20... Rxf4 21. Qa3 (21. Qc3
Rxf1+ 22. Rxf1 Nc5 $17 {[%csl Rb5,Rg2][%cal Gh6c6]} 23. Qa3 $140 Ba6) 21...
Rxf1+ 22. Rxf1 Rd8 $6 {This natural move is a serious inaccuracy.Now White
keeps a draw attacking black king from the a-file and the 8-th rank.} (22...
Qd2 $142 23. Bh3 Re8 24. Rxf7 $140 Qe1+ 25. Rf1 Qxe5) 23. Bxe6 (23. Rc1 Rd7 24.
Bxe6 fxe6 {-23.B:e6}) 23... fxe6 24. Rc1 Rd7 25. Qf8+ Bc8 26. Qa3 Ba6 (26... c5
{Avoiding an immediate draw Black takes some chances.A strong point on d6 for
White's knight and open position of Black's king compensate an extra pawn.Here
are the examplary variations:} 27. Nd6 Qg5 28. Qb2 (28. Nxc8 Rd2 $1 (28... Qxe5
29. Rf1 (29. Nxb6 $4 Qd4+ 30. Kf1 (30. Kh1 Qd1+ 31. Rxd1 Rxd1#) 30... Rf7+ 31.
Ke1 Qg1+ 32. Kd2 Qxg2+ 33. Kc3 Rf3+ $19) 29... Qd4+ 30. Kh1 Kxc8 31. Qa8+ Kc7
32. Qa7+ Kc6 33. Qa8+ Kd6 34. Qb8+ Kc6 35. Qa8+ Rb7 36. Qc8+ Rc7 37. Qa8+ $1 (
37. Qxe6+ Kb7) 37... Kd6 38. Qf8+ Kd7 39. a4 $1 $11 {[%cal Gf1f7]} Kc6 40. Qa8+
Kd6 41. Qd8+ Kc6) 29. Qa7+ Kxc8 30. Qa8+ Kd7 31. Rf1 Qe3+ 32. Kh1 Qxe5 33. Rf7+
$140 (33. h3 $5) 33... Kd6 34. Qd8+ Kc6 35. Qe8+ (35. Qxd2 $2 Qa1+) (35. Qa8+
Kb5 $19) 35... Kd5 36. Qa8+ Kd4 37. Rd7+ Kc3 38. Qa3+ Kc2 39. Qb3+ Kc1 40. Qc4+
Kb1 $1 41. Qf1+ (41. Qb3+ Ka1 $19) 41... Kc2 42. Qc4+ Qc3 43. Qe4+ Kb2 $19)
28... Bb7 29. Rf1) 27. Rf1 $2 {[%mdl 16384] A decisive mistake.Now Black is
just a pawn up for nothing.} (27. Qf8+ {was necessary with most likely draw:}
Kb7 28. Qf3+ (28. Nd6+ $2 Ka7 $1 $19) 28... Kb8 29. Qf8+ Bc8 30. Qa3 Ba6 (30...
c5 {see 26...c5})) 27... Kb7 $1 $17 28. Qf3+ Rd5 29. a4 (29. Nc3 {is nicely
refuted by} Bxf1 30. Nxd5 Bxg2 $1 $19 31. Kxg2 (31. Qxg2 Qc1+ 32. Kf2 Qd2+ 33.
Kg3 Qxg2+ 34. Kxg2 exd5 $19) 31... Qd2+ $19 {[%cal Gd2d5]}) 29... Qd2 $1 30.
Qe4 h5 31. h3 Bxb5 {The most simple way.Black transfers the game into a
winning rook ending.} 32. axb5 Qd4+ 33. Qxd4 Rxd4 34. Rf7 Rd5 35. Rxg7 Rxe5 36.
Rg6 Rxb5 37. Rxe6 Rd5 38. Kf2 b5 $19 {Now it's over.Black pawns are unstopable.
} 39. Ke3 b4 40. Re4 c5 41. Rc4 Kc6 42. Ke4 Rg5 0-1